00764 2200265 4500001002100000005001500021020001800036035002400054040001200078082001900090084002300109090002300132100002700155245007000182250001600252260004100268300004000309504002900349650003700378700002300415850001200438990001600450990001600466990001600482YOGYA00000000010088120140823130239 a979-9246-17-2 0010-011400000000080 aYOPDYOG 2[22]a392.5982 aCoE 392.5982 Suw S aCoE 392.5982 Suw S aSUWARNA PRINGGAWIDAGDA aSiramancSuwarna Pringgawidagda ; penyunting, Yulia S. Setiawati. aEd.1, cet.1 aYogyakartabAdicita Karya Nusac2003 ax, 54 hlm.b: ilus.c20 cm (3 eks.) aBibliografi : hlm. 53-54 aAdat dan upacara perkawinan-Jawa aYulia S. Setiawati aYOPDYOG a1514/B.2014 a1515/B.2014 a1516/B.2014